| 000 | 01036nam a2200217Ia 4500 | ||
|---|---|---|---|
| 003 | Ost | ||
| 005 | 20260507075526.0 | ||
| 008 | 260507s9999||||xx |||||||||||||| ||und|| | ||
| 040 | _cfsecg | ||
| 041 | _aara | ||
| 082 | _a657 | ||
| 100 |
_aالججاوي، طلال محمد علي _eمؤلف |
||
| 245 | 0 |
_aقياس جودة المعلومات المحاسبية من وجهة نظر معديها ومستخدميها / _c طلال محمد علي الججاوي |
|
| 260 |
_aعمان: _bدار الايام للنشر والتوزيع, _c2017 |
||
| 300 |
_a216 صفحة؛ _bإيضاحات ؛ _c24 سم |
||
| 520 | _aالمعلومات المحاسبية وخصائصها المعلومات المحاسبية -الإفصاح المحاسبي ومقوماته -جودة المعلومات المحاسبية-تقييم جودة المعلومات المحاسبية. | ||
| 653 | _aالمحاسبة | ||
| 653 | _aمعلومات | ||
| 700 |
_aالعبيدي، رافد كاظم نصيف _eمؤلف ثانوي |
||
| 942 | _cكتاب | ||
| 999 |
_c44799 _d44799 |
||